[Event "Ruhrgebiet Verbandsklasse Gruppe 2 1819"]
[Site "Nordrheinwestfalen"]
[Date "2019.05.05"]
[Round "9.7"]
[White "Schaefer, Johannes"]
[Black "Koch, Till"]
[Result "1-0"]
[WhiteElo "1682"]
[BlackElo "1775"]
[PlyCount "65"]
[EventDate "2018.09.23"]
[EventType "team-tourn"]
[EventRounds "9"]
[EventCountry "GER"]
[SourceTitle "EXT 2022"]
[Source "ChessBase"]
[SourceDate "2021.10.06"]
[SourceVersion "1"]
[SourceVersionDate "2021.10.06"]
[SourceQuality "1"]
[WhiteTeam "Kupferdreh Germania"]
[BlackTeam "Unser Fritz"]
[WhiteTeamCountry "GER"]
[BlackTeamCountry "GER"]

1. e4 e5 2. Nf3 Nc6 3. Bc4 Bc5 4. b4 Bxb4 5. c3 Be7 6. d4 d6 7. 0-0 Nf6 8. Nbd2 0-0 9. h3 h6 10. a4 b6 11. Ba3 a5 12. Qb3 Bb7 13. Rfe1 Rb8 14. Rad1 Qe8 15. Bb5 Nd7 16. Nc4 Bf6 17. Ne3 Qd8 18. Nd5 Re8 19. Nxf6+ Nxf6 20. d5 Ne7 21. Bxe8 Qxe8 22. c4 Ba6 23. Rd3 Ng6 24. Bc1 Nd7 25. Be3 Nc5 26. Bxc5 bxc5 27. Qc2 Rb4 28. Nd2 Rxa4 29. Rb3 Nf4 30. Rb8 Qxb8 31. Qxa4 Qb4 32. Qxb4 axb4 33. Ra1 1-0

[Event "Bad Woerishofen op 30th"]
[Site "Bad Woerishofen"]
[Date "2014.03.23"]
[Round "9"]
[White "Von Saldern, Ruediger"]
[Black "Koch, Till"]
[Result "1/2-1/2"]
[WhiteElo "1973"]
[BlackElo "1872"]
[PlyCount "68"]
[EventDate "2014.03.21"]
[EventType "swiss"]
[EventRounds "9"]
[EventCountry "GER"]
[SourceTitle "CBM 159 Extra"]
[Source "ChessBase"]
[SourceDate "2014.04.24"]
[SourceVersion "1"]
[SourceVersionDate "2014.04.24"]
[SourceQuality "1"]

1. d4 Nf6 2. Nf3 e6 3. c4 Bb4+ 4. Nc3 c5 5. a3 Bxc3+ 6. bxc3 b6 7. Bg5 Ba6 8. e3 Nc6 9. Bd3 0-0 10. 0-0 Na5 11. Qe2 Rc8 12. d5 d6 13. Nd2 h6 14. Bh4 g5 15. Bg3 exd5 16. cxd5 Bxd3 17. Qxd3 Nh5 18. c4 Nxg3 19. hxg3 Qf6 20. Rab1 Rfe8 21. a4 h5 22. Nb3 Nxb3 23. Rxb3 Ra8 24. Rfb1 g4 25. Rb5 h4 26. gxh4 Qxh4 27. g3 Qf6 28. Qe2 Qf5 29. Rc1 Kg7 30. Rbb1 Qh5 31. Qb2+ f6 32. Kf1 Qh1+ 33. Ke2 Qf3+ 34. Ke1 Rh8 1/2-1/2

[Event "NRW Verbandsklasse Group1 1314"]
[Site "Nordrheinwestfalen"]
[Date "2013.09.08"]
[Round "1.7"]
[White "Koch, Till"]
[Black "Wegge, Martin"]
[Result "1-0"]
[WhiteElo "1824"]
[BlackElo "1687"]
[PlyCount "97"]
[EventDate "2013.09.08"]
[EventType "team-tourn"]
[EventRounds "9"]
[EventCountry "GER"]
[SourceTitle "EXT 2020"]
[Source "ChessBase"]
[SourceDate "2019.10.17"]
[SourceVersion "1"]
[SourceVersionDate "2019.10.17"]
[SourceQuality "1"]
[WhiteTeam "Unser Fritz"]
[BlackTeam "Marten Boevinghausen"]
[WhiteTeamCountry "GER"]
[BlackTeamCountry "GER"]

1. e4 Nf6 2. e5 Nd5 3. c4 Nb6 4. d4 d6 5. Nf3 Bg4 6. exd6 exd6 7. Be2 Be7 8. Nc3 0-0 9. 0-0 Re8 10. b3 Bf6 11. Bb2 Nc6 12. d5 Ne7 13. Re1 Ng6 14. h3 Bf5 15. Bd3 Rxe1+ 16. Nxe1 Bxd3 17. Nxd3 Qe7 18. Qf1 Re8 19. Re1 Qd8 20. Re2 Rxe2 21. Qxe2 a6 22. Ne4 Bxb2 23. Qxb2 Qe7 24. Qe2 h6 25. Ng3 Qxe2 26. Nxe2 Nd7 27. Nd4 Nge5 28. Nxe5 Nxe5 29. Kf1 Nd3 30. a3 g6 31. Ke2 Ne5 32. f4 Nd7 33. b4 Kf8 34. g4 Ke7 35. Nb3 c6 36. dxc6 bxc6 37. Na5 Nb8 38. Ke3 Ke6 39. Ke4 f6 40. Nb3 d5+ 41. Kd3 dxc4+ 42. Kxc4 Kd6 43. Kd4 Nd7 44. Nc5 Nxc5 45. bxc5+ Ke6 46. Ke4 h5 47. f5+ Kf7 48. fxg6+ Kxg6 49. gxh5+ 1-0

[Event "Dortmund Sparkassen op-A"]
[Site "Dortmund"]
[Date "2012.07.14"]
[Round "1"]
[White "Faust, Martin Michael"]
[Black "Koch, Till"]
[Result "1-0"]
[WhiteElo "2133"]
[BlackElo "1892"]
[PlyCount "41"]
[EventDate "2012.07.14"]
[EventType "swiss"]
[EventRounds "9"]
[EventCountry "GER"]
[SourceTitle "CBM 149 Extra"]
[Source "ChessBase"]
[SourceDate "2012.08.24"]
[SourceVersion "1"]
[SourceVersionDate "2012.08.24"]
[SourceQuality "1"]

1. e4 e6 2. d4 d5 3. Nc3 dxe4 4. Nxe4 Nf6 5. Nxf6+ Qxf6 6. Nf3 h6 7. Bd3 Nc6 8. Be3 Bd6 9. Qd2 Qe7 10. c3 Bd7 11. 0-0 0-0-0 12. Rfe1 Qf8 13. b4 g5 14. b5 Nb8 15. Rec1 f5 16. Qc2 f4 17. Bd2 g4 18. Ne5 Qf6 19. c4 Qg5 20. Nf7 Qe7 21. Nxh8 1-0

[Event "Dortmund Sparkassen op-B"]
[Site "Dortmund"]
[Date "2010.07.18"]
[Round "2"]
[White "Biessner, Eberhard"]
[Black "Koch, Till"]
[Result "1/2-1/2"]
[WhiteElo "1982"]
[BlackElo "1890"]
[PlyCount "84"]
[EventDate "2010.07.17"]
[EventType "swiss"]
[EventRounds "9"]
[EventCountry "GER"]
[SourceTitle "EXT 2014"]
[Source "ChessBase"]
[SourceDate "2013.11.20"]
[SourceVersion "1"]
[SourceVersionDate "2013.11.20"]
[SourceQuality "1"]

1. e4 e5 2. Nf3 Nc6 3. Bc4 Bc5 4. c3 Nf6 5. d4 exd4 6. cxd4 Bb4+ 7. Bd2 Bxd2+ 8. Nbxd2 0-0 9. e5 d5 10. Bd3 Nh5 11. 0-0 Nf4 12. Bb5 Ne7 13. Re1 Bg4 14. Qb3 c6 15. Bf1 Rb8 16. h3 Bh5 17. g3 Ne6 18. Rac1 Qb6 19. Qc3 Bg6 20. Nb3 Be4 21. Nfd2 Bg6 22. Kg2 h6 23. Bd3 Bxd3 24. Qxd3 Rbc8 25. f4 c5 26. dxc5 Nxc5 27. Qf3 Nxb3 28. Nxb3 d4 29. f5 Rfd8 30. f6 Ng6 31. e6 Rxc1 32. exf7+ Kxf7 33. fxg7+ Kxg7 34. Rxc1 d3 35. Qf2 Qxf2+ 36. Kxf2 d2 37. Rd1 Ne5 38. Rxd2 Rxd2+ 39. Nxd2 Nd3+ 40. Ke3 Nxb2 41. Kd4 Kg6 42. Nf3 Kf5 1/2-1/2